Možnosti riešenia nezamestnanosti

Problematika dlhodobej nezamestnanosti. Aktívna politika trhu práce.

Guardado en:
Detalles Bibliográficos
Autor principal: Hrášková, Dagmar
Formato: Capítulo de libro
Lenguaje:eslovaco
Materias:
Etiquetas: Agregar Etiqueta
Sin Etiquetas, Sea el primero en etiquetar este registro!

MARC

LEADER 00000naa a2200000 4500
001 0177232
005 20231120124458.4
041 0 |a slo 
044 |a SK 
245 1 0 |a Možnosti riešenia nezamestnanosti  |c Dagmar Hrášková 
520 |a Problematika dlhodobej nezamestnanosti. Aktívna politika trhu práce. 
610 2 0 |a Slovensko 
610 2 0 |a trh práce 
610 2 0 |a nezamestnanosť 
610 2 0 |a nezamestnanosť dlhodobá 
610 2 0 |a politika zamestnanosti 
610 2 0 |a regióny 
610 2 0 |a miera nezamestnanosti 
100 1 |a Hrášková, Dagmar